000
00292nam a22001337a 4500
008
171204b xxu||||| |||| 00| 0 eng d
020
_a
9780721635200
041
_a
eng
080
_a
618.2
100
_a
1
101
_a
NUR
245
_a
MENTAL HEALTH NURSING
_c
CARSON,V.B
942
_2
udc
_c
BK
999
_c
38784
_d
38784